000 00592nam a22001937a 4500
999 _c8538
_d8538
003 AR-CdUCM
008 190325b ||||| |||| 00| 0 spa d
040 _aMUNICIPALIDAD PROVINCIAL DEL CUSCO
_cBIBLIOTECA MUNICIPAL DEL CUSCO
082 _a869.5 /
_bV18
100 _aValcárcel, Gustavo
_9737
245 _aPoemas del destierro /
260 _aMéxico, D.F :
_bEdiciones América Nueva,
_c1956.
300 _a52 páginas ;
_bgrabado ;
_c26.5 cm.
500 _aDonación familia Nieto.
650 _aPoesías peruanas
_91481
650 _aSiglo XX
_98
942 _2ddc
_cLIBROS
945 _azta